Maailman pisimmät rajat - Statistics

Yleistilastot
  • Tätä visaa on pelattu 1 993 kertaa
  • Keskiarvotulos 20 / 26
Vastaustilastot
Valtio % Oikein
Venäjä
100%
Kanada
99%
Kiina
99%
Yhdysvallat
99%
Mongolia
94%
Intia
93%
Brasilia
92%
Meksiko
92%
Argentiina
91%
Chile
91%
Kazakstan
91%
Pakistan
85%
Afganistan
77%
Kolumbia
75%
Bolivia
74%
Kongon dem. tasavalta
74%
Kongon tasavalta
74%
Venezuela
72%
Uzbekistan
66%
Bangladesh
62%
Myanmar
57%
Vietnam
53%
Angola
52%
Laos
50%
Mali
43%
Mauritania
38%
Ehtoja vastaavia visoja ei löytynyt
Tulosjakauma
Jokaisen tuloksen saaneiden osuus
Persentiili vastausten määrän mukaan
Tuloshistoriasi
Et ole pelannut tätä visaa